00305nam a2200133Ia 45000030006000000080041000060400015000471000019000622450019000812600038001003000006001385460010001440050017001540STCL150530s9999 xx 000 0 und d aSTCLcSTCL akuber Nath Ray aNishad Bansuri bBharathiya Jnanpith ; Delhic1982 a0 aHindi20220125171310.0